000 00734nam a2200193Ia 4500
003 GCL
008 140319s9999 xx 000 0 ara d
040 _aGCL /
_cGCL
082 0 4 _a301.31
_bم م
100 1 _aمحمد عبدالرحمن الشرنوبى
245 1 0 _aمشكلات البيئة المعاصرة :
_bدراسة جغرافية فى العلاقة بين الانسان والبيئة /
_cمحمد عبدالرحمن الشرنوبى
260 _aالقاهرة :
_bمكتبة الانجلوالمصرية ،
_c1993
300 _a324 ص ؛
_c24 سم
490 _a
650 0 4 _aتلوث البيئة
650 0 4 _aالبيئة والانسان
650 0 4 _aالجغرافيا البشرية
942 _2ddc
_cBK
999 _c45443
_d45443